| 000 | 00877nam a22003017a 4500 | ||
|---|---|---|---|
| 003 | CHAP | ||
| 005 | 20220329140320.0 | ||
| 008 | 971013s1976 us r 00010 eng d | ||
| 010 | _a50256 | ||
| 011 | _a51228 | ||
| 035 | _a55378 | ||
| 040 | _cCHAP | ||
| 090 | _aFolleto 7111 | ||
| 100 | 0 | 0 |
_aPinney, John J. _988203 |
| 245 | 1 | _aBeginning in the nursery business | |
| 250 | _a3 ed. rev. | ||
| 260 |
_aChicago : _bAmerican Nurseryman, _c1976 |
||
| 300 | _a67 p. | ||
| 590 |
_aBATCH-UPD _b10 _c20130110 _lUCH01 _h0822 |
||
| 590 |
_aBATCH-UPD _b10 _c20130410 _lUCH01 _h0500 |
||
| 590 |
_aBATCH-UPD _b10 _c20130914 _lUCH01 _h1623 |
||
| 590 |
_aCONVERSION _b10 _c20130109 _lUCH01 _h1327 |
||
| 650 | 1 | 4 |
_aHorticultura _xAspectos económicos. _956299 |
| 650 | 1 | 4 |
_aViveros. _9120096 |
| 901 | _aBK | ||
| 942 | _cFOLL | ||
| 949 |
_aFolleto 7111 _bBC _cFOLL _d-121536 _eTS1 _i55378 _si _t50.00 |
||
| 999 |
_c50256 _d50256 |
||